Geschichte der spanischen und portugiesisch en uteratur

में बचाया:
ग्रंथसूची विवरण
मुख्य लेखक: Giese, Wilhelm
स्वरूप: पुस्तक
भाषा:Undetermined
प्रकाशित: Bonn, Alemania Athenäum 1949
विषय:
टैग: टैग जोड़ें
कोई टैग नहीं, इस रिकॉर्ड को टैग करने वाले पहले व्यक्ति बनें!

MARC

LEADER 00000nam a2200000Ia 4500
008 170316s9999 xx 000 0 und d
040 |a cru BVZT 
090 |a 830 G-3g 
100 |a Giese, Wilhelm 
245 |a Geschichte der spanischen und portugiesisch en uteratur 
260 |a Bonn, Alemania 
260 |b Athenäum 
260 |c 1949 
300 |a 175 páginas 
650 |a LITERATURA ALEMANA 
999 |c 7315  |d 7315 
942 |c 15 D  |h 830 G-3g  |2 z